000 00430nam a2200169Ia 4500
005 20250508152737.0
008 008 250505s9999 xx 000 0 hin d
037 _aTextual
040 _aFEDL
_beng
_cFEDL
041 _ahin
_2eng
084 _a891.431, PRA
_qFEDL
100 _aPrasad Jaishankar
_9392481
245 0 _aKamayani
300 _a306p.
942 _cTEXL
_h891.431, PRA
999 _c1338453
_d1338453